00545nam a2200169Ia 4500008004100000020002400041040001900065041001200084082002800096100001700124245008200141260003500223300003500258504005000293650002200343850001000365131103s9999 xx 000 0 und d a812501346 6cRs.120 aLoreto College aEnglish a915.4/PALbLCLIB/40491A aPal,Saroj K. aPhysical geography of Indiab a study in regional earth science cSaroj K.Pal aCalcuttabOrient Longmanc1998 avi,197 p.b ill.,fig.c 24 cm. aIncludes bibliographical references and index aIndia - Geography aLCLIB